000
00274nam a2200121 a 4500
001
4136
005
20140414131927.0
008
090217s19uu xx 00 eng d
050
_a
ER
_b
P81 2000
100
_a
Martin, David
245
_a
Pop pop pop pop pop.
999
_c
112078
_d
112078